[Event "Nuremberg Zabo op 23rd"]
[Site "Nuremberg"]
[Date "2023.09.17"]
[Round "4"]
[White "Ronsin, Corentin"]
[Black "Dreiseitel, Werner"]
[Result "1-0"]
[WhiteElo "1642"]
[BlackElo "1565"]
[PlyCount "47"]
[EventDate "2023.09.15"]
[EventType "swiss"]
[EventRounds "5"]
[EventCountry "GER"]
[SourceTitle "EXT 2024"]
[Source "ChessBase"]
[SourceDate "2023.10.10"]
[SourceVersion "1"]
[SourceVersionDate "2023.10.10"]
[SourceQuality "1"]

1. d4 d5 2. c4 e6 3. Nc3 Nf6 4. cxd5 exd5 5. Bg5 Be7 6. e3 c6 7. Bd3 Bg4 8. Qc2 Nbd7 9. Nge2 Bxe2 10. Qxe2 0-0 11. 0-0 Bd6 12. f3 Qc7 13. f4 Rfe8 14. Rf3 h6 15. Bh4 Bxf4 16. Rxf4 g5 17. Rf5 gxh4 18. Raf1 Re6 19. R1f3 Rae8 20. Qf2 Ne4 21. Qxh4 Ng5 22. Rxg5+ Kf8 23. Bg6 hxg5 24. Rxf7+ 1-0

[Event "Nuremberg Zabo op 23rd"]
[Site "Nuremberg"]
[Date "2023.09.16"]
[Round "3"]
[White "Dreiseitel, Werner"]
[Black "Bruss, Robert"]
[Result "0-1"]
[WhiteElo "1565"]
[BlackElo "1875"]
[PlyCount "72"]
[EventDate "2023.09.15"]
[EventType "swiss"]
[EventRounds "5"]
[EventCountry "GER"]
[SourceTitle "EXT 2024"]
[Source "ChessBase"]
[SourceDate "2023.10.10"]
[SourceVersion "1"]
[SourceVersionDate "2023.10.10"]
[SourceQuality "1"]

1. d4 Nf6 2. Nf3 b6 3. Bf4 Bb7 4. e3 e6 5. Be2 Be7 6. 0-0 0-0 7. c4 Nh5 8. Be5 d6 9. Bg3 Nxg3 10. hxg3 d5 11. Nc3 Nd7 12. a3 Nf6 13. Ne5 c5 14. dxc5 bxc5 15. cxd5 exd5 16. Qa4 Qd6 17. Nf3 Rfd8 18. Rfd1 Qe6 19. Bd3 Ng4 20. Rac1 d4 21. exd4 cxd4 22. Nxd4 Qh6 23. Be4 Bxe4 24. Nxe4 Qh2+ 25. Kf1 Qh1+ 26. Ke2 Qxg2 27. Nf5 Re8 28. Rg1 Qh3 29. Nxe7+ Rxe7 30. Qb4 Ree8 31. Kf3 Nh2+ 32. Kf4 Qg4+ 33. Ke3 Qf3+ 34. Kd2 Rad8+ 35. Nd6 Re2+ 36. Kd1 Rxb2+ 0-1

[Event "Nuremberg Zabo op 23rd"]
[Site "Nuremberg"]
[Date "2023.09.15"]
[Round "1"]
[White "Dreiseitel, Werner"]
[Black "Ruhl, Arthur Emanuel"]
[Result "1-0"]
[WhiteElo "1565"]
[BlackElo "1000"]
[PlyCount "61"]
[EventDate "2023.09.15"]
[EventType "swiss"]
[EventRounds "5"]
[EventCountry "GER"]
[SourceTitle "EXT 2024"]
[Source "ChessBase"]
[SourceDate "2023.10.10"]
[SourceVersion "1"]
[SourceVersionDate "2023.10.10"]
[SourceQuality "1"]

1. d4 d6 2. Nf3 g6 3. Bf4 Bg7 4. c3 Nf6 5. Nbd2 Bf5 6. e3 0-0 7. Qb3 Qc8 8. Be2 c5 9. 0-0 Nc6 10. Rfe1 b6 11. h3 Bd7 12. Rac1 e6 13. Bxd6 Re8 14. Bh2 cxd4 15. exd4 Bh6 16. Rcd1 Qb7 17. Nc4 Qc8 18. Nd6 Qd8 19. Nxe8 Qxe8 20. Bd3 Nd5 21. Ne5 Nxe5 22. Bxe5 Bf4 23. c4 Bxe5 24. Rxe5 Ba4 25. Qa3 Bxd1 26. cxd5 Ba4 27. dxe6 fxe6 28. d5 Bd7 29. dxe6 Rd8 30. Bc4 a5 31. exd7+ 1-0

[Event "Nuremberg op"]
[Site "Nuremberg"]
[Date "2019.11.17"]
[Round "5"]
[White "Dreiseitel, Werner"]
[Black "Koellner, Ulrich"]
[Result "1/2-1/2"]
[WhiteElo "1525"]
[BlackElo "1697"]
[PlyCount "37"]
[EventDate "2019.11.15"]
[EventType "swiss"]
[EventRounds "5"]
[EventCountry "GER"]
[SourceTitle "CBM 193 Extra"]
[Source "ChessBase"]
[SourceDate "2020.01.31"]
[SourceVersion "1"]
[SourceVersionDate "2020.01.31"]
[SourceQuality "1"]

1. d4 Nf6 2. Bf4 e6 3. Nf3 b6 4. e3 Bb7 5. Be2 Be7 6. 0-0 0-0 7. c4 c5 8. dxc5 Bxc5 9. Nc3 d5 10. cxd5 Nxd5 11. Nxd5 Bxd5 12. Qc2 Nd7 13. Rfd1 Qe7 14. Rac1 Bb7 15. a3 Rac8 16. Qd2 e5 17. Qxd7 exf4 18. Qxe7 Bxe7 19. exf4 1/2-1/2

[Event "Mittelfranken-ch QT 67th"]
[Site "Nuremberg"]
[Date "2018.03.28"]
[Round "1"]
[White "Merdian, Nick"]
[Black "Dreiseitel, Werner"]
[Result "0-1"]
[WhiteElo "1833"]
[BlackElo "1570"]
[PlyCount "54"]
[EventDate "2018.03.28"]
[EventType "swiss"]
[EventRounds "7"]
[EventCountry "GER"]
[SourceTitle "EXT 2020"]
[Source "ChessBase"]
[SourceDate "2019.10.17"]
[SourceVersion "1"]
[SourceVersionDate "2019.10.17"]
[SourceQuality "1"]

1. d4 d5 2. c4 c6 3. Nf3 Nf6 4. e3 e6 5. Nc3 Bd6 6. c5 Bc7 7. Bd3 Nbd7 8. 0-0 0-0 9. b4 e5 10. Qc2 e4 11. Nxe4 dxe4 12. Bxe4 Nxe4 13. Qxe4 Re8 14. Qc2 Nf6 15. Bb2 Qd5 16. Rfe1 Bf5 17. Qb3 Qe4 18. Ng5 Bxh2+ 19. Kxh2 Qh4+ 20. Kg1 Qxg5 21. f3 Bh3 22. Re2 Nd5 23. Kh1 Rxe3 24. Rae1 Bxg2+ 25. Kh2 Bxf3 26. Bc1 Qh4+ 27. Kg1 Qh1+ 0-1

[Event "Nuremberg Zabo op 19th"]
[Site "Nuremberg"]
[Date "2017.09.17"]
[Round "4"]
[White "Hummel, Thomas1111"]
[Black "Dreiseitel, Werner"]
[Result "1-0"]
[WhiteElo "1788"]
[BlackElo "1474"]
[PlyCount "27"]
[EventDate "2017.09.15"]
[EventType "swiss"]
[EventRounds "5"]
[EventCountry "GER"]
[SourceTitle "EXT 2022"]
[Source "ChessBase"]
[SourceDate "2021.10.06"]
[SourceVersion "1"]
[SourceVersionDate "2021.10.06"]
[SourceQuality "1"]

1. b4 Nf6 2. Bb2 e6 3. b5 a6 4. e3 axb5 5. Bxb5 b6 6. Qf3 c6 7. Nh3 Be7 8. Bd3 0-0 9. 0-0 h6 10. a4 Bb7 11. Nf4 Kh8 12. Bxf6 Bxf6 13. Qe4 g6 14. Nc3 1-0

[Event "Nuremberg Zabo op 19th"]
[Site "Nuremberg"]
[Date "2017.09.16"]
[Round "2"]
[White "Sippl, Martin"]
[Black "Dreiseitel, Werner"]
[Result "1-0"]
[WhiteElo "1940"]
[BlackElo "1474"]
[PlyCount "131"]
[EventDate "2017.09.15"]
[EventType "swiss"]
[EventRounds "5"]
[EventCountry "GER"]
[SourceTitle "EXT 2022"]
[Source "ChessBase"]
[SourceDate "2021.10.06"]
[SourceVersion "1"]
[SourceVersionDate "2021.10.06"]
[SourceQuality "1"]

1. e4 d5 2. Nc3 dxe4 3. Nxe4 Bf5 4. Ng3 Bg6 5. Nf3 Nd7 6. d4 c6 7. Bd3 e6 8. 0-0 Qc7 9. Re1 Be7 10. Ng5 Bxd3 11. Qxd3 Ngf6 12. Bd2 0-0 13. Nf5 Bd6 14. Nxd6 Qxd6 15. Rad1 Rad8 16. Qh3 Rfe8 17. Bc3 Qf4 18. Bd2 Qc7 19. Bc3 Qf4 20. Bd2 Qc7 21. Qa3 b6 22. Nf3 c5 23. dxc5 Nxc5 24. Bg5 Rxd1 25. Rxd1 Rd8 26. Re1 Nce4 27. Bxf6 Nxf6 28. Qa4 h6 29. h3 Rd6 30. c3 Nd7 31. Qh4 Nf6 32. Nd4 Qd7 33. Kh2 Rd5 34. Qg3 Qd6 35. Qxd6 Rxd6 36. Kg3 Kh7 37. f4 g6 38. Re2 Rd7 39. Kf3 Kg7 40. g4 Nd5 41. f5 gxf5 42. gxf5 exf5 43. Nxf5+ Kg6 44. Nd4 Kf6 45. a3 Ne7 46. Kg4 Ng6 47. Rf2+ Kg7 48. Re2 Ne7 49. Rxe7 Rxe7 50. Nf5+ Kf6 51. Nxe7 Kxe7 52. Kf5 b5 53. h4 f6 54. h5 a6 55. b3 a5 56. a4 bxa4 57. bxa4 Kd6 58. Kxf6 Kc5 59. Kg6 Kc4 60. Kxh6 Kxc3 61. Kg5 Kb4 62. h6 Kxa4 63. h7 Kb3 64. h8Q a4 65. Qa1 a3 66. Kf4 1-0

[Event "Zirndorf Cup"]
[Site "Zirndorf"]
[Date "2017.09.02"]
[Round "5"]
[White "Winter, Reinhold"]
[Black "Dreiseitel, Werner"]
[Result "1-0"]
[WhiteElo "1760"]
[BlackElo "1595"]
[PlyCount "117"]
[EventDate "2017.08.30"]
[EventType "swiss"]
[EventRounds "7"]
[EventCountry "GER"]
[SourceTitle "CBM 180 Extra"]
[Source "ChessBase"]
[SourceDate "2017.10.06"]
[SourceVersion "1"]
[SourceVersionDate "2017.10.06"]
[SourceQuality "1"]

1. c4 e5 2. Nc3 Nf6 3. g3 c6 4. Bg2 g6 5. d3 Bg7 6. Nf3 d6 7. 0-0 0-0 8. Bg5 h6 9. Bxf6 Bxf6 10. Qd2 Bg7 11. Rab1 Na6 12. a3 Nc7 13. b4 a6 14. a4 Be6 15. Rfc1 d5 16. cxd5 Nxd5 17. Nxd5 Bxd5 18. Ne1 Bxg2 19. Kxg2 e4 20. Qe3 exd3 21. Nxd3 Re8 22. Qf3 Re7 23. Nc5 Qc7 24. Rd1 Rd8 25. Rd3 Rxd3 26. Qxd3 b6 27. Nxa6 Qd7 28. Qxd7 Rxd7 29. Rc1 Ra7 30. Nb8 Rxa4 31. Nxc6 Ra2 32. e3 Bf8 33. Rc4 Ra4 34. Kf3 Ra2 35. h4 Rd2 36. Nd4 Rb2 37. Nc6 Kg7 38. g4 Rb1 39. g5 hxg5 40. hxg5 Rd1 41. Ke4 f5+ 42. gxf6+ Kxf6 43. f4 Rd6 44. Nd4 g5 45. fxg5+ Kxg5 46. Rc6 Rxc6 47. Nxc6 Kf6 48. Kd5 Bh6 49. e4 Kf7 50. e5 Ke8 51. Kd6 Bf8+ 52. Kc7 Bxb4 53. Nxb4 Ke7 54. Kxb6 Kd7 55. Kc5 Ke6 56. Kd4 Kd7 57. Kd5 Ke7 58. Nc6+ Ke8 59. Kd6 1-0

[Event "Zirndorf Cup"]
[Site "Zirndorf"]
[Date "2017.08.30"]
[Round "1"]
[White "Guggenberger, Guido"]
[Black "Dreiseitel, Werner"]
[Result "1-0"]
[WhiteElo "1972"]
[BlackElo "1595"]
[PlyCount "111"]
[EventDate "2017.08.30"]
[EventType "swiss"]
[EventRounds "7"]
[EventCountry "GER"]
[SourceTitle "CBM 180 Extra"]
[Source "ChessBase"]
[SourceDate "2017.10.06"]
[SourceVersion "1"]
[SourceVersionDate "2017.10.06"]
[SourceQuality "1"]

1. d4 d5 2. c4 c6 3. cxd5 cxd5 4. Bf4 Bf5 5. e3 Nf6 6. Nc3 a6 7. Be2 e6 8. Nf3 Nbd7 9. h3 Be7 10. 0-0 0-0 11. Nd2 h6 12. Rc1 Rc8 13. f3 Bh7 14. Kh1 Kh8 15. Re1 Qb6 16. Nb3 Qa7 17. Bf1 Bb4 18. a3 Be7 19. e4 dxe4 20. fxe4 Rfe8 21. e5 Ng8 22. d5 exd5 23. Qxd5 Nc5 24. Be3 b6 25. Nd4 Bf8 26. Rcd1 Rcd8 27. Qf3 Rxe5 28. Nc6 Rxd1 29. Rxd1 Rxe3 30. Nxa7 Rxf3 31. gxf3 Bc2 32. Rd2 Bb3 33. Nc6 Nf6 34. Rd8 Ne6 35. Ra8 a5 36. Nd4 Nxd4 37. Rxf8+ Kh7 38. Bd3+ g6 39. Kg2 Kg7 40. Rd8 Ne6 41. Rd6 Nf4+ 42. Kf2 Nxh3+ 43. Kg3 Ng5 44. Rxb6 a4 45. Ra6 Nh5+ 46. Kf2 Nf4 47. Bf1 Nfe6 48. Nxa4 h5 49. Nc3 h4 50. a4 Nf4 51. a5 Be6 52. Rd6 Bc8 53. a6 Nge6 54. a7 Bb7 55. Rb6 Ba8 56. Rb8 1-0

[Event "Forchheim op-B 15th"]
[Site "Forchheim"]
[Date "2016.10.02"]
[Round "4"]
[White "Hohner, Karl Heinz"]
[Black "Dreiseitel, Werner"]
[Result "1/2-1/2"]
[WhiteElo "1837"]
[BlackElo "1599"]
[PlyCount "45"]
[EventDate "2016.10.01"]
[EventType "swiss"]
[EventRounds "5"]
[EventCountry "GER"]
[SourceTitle "EXT 2019"]
[Source "ChessBase"]
[SourceDate "2018.10.10"]
[SourceVersion "1"]
[SourceVersionDate "2018.10.10"]
[SourceQuality "1"]

1. d4 d5 2. c4 c6 3. Nc3 Nf6 4. Nf3 e6 5. e3 Nbd7 6. Bd3 dxc4 7. Bxc4 b5 8. Bd3 a6 9. 0-0 c5 10. Qe2 Bb7 11. b3 Be7 12. Bb2 0-0 13. Rfd1 Qb6 14. Rac1 cxd4 15. exd4 Rfe8 16. Ne5 Rad8 17. Bb1 Nf8 18. Ne4 Nxe4 19. Bxe4 Rc8 20. Qf3 Bxe4 21. Qxe4 Bf6 22. Ng4 Nd7 23. h3 1/2-1/2

[Event "Pyramiden Franken Cup"]
[Site "Fuerth"]
[Date "2016.09.04"]
[Round "7"]
[White "Schoebel, Klaus"]
[Black "Dreiseitel, Werner"]
[Result "1/2-1/2"]
[WhiteElo "1742"]
[BlackElo "1599"]
[PlyCount "67"]
[EventDate "2016.09.01"]
[EventType "swiss"]
[EventRounds "7"]
[EventCountry "GER"]
[SourceTitle "CBM 174 Extra"]
[Source "ChessBase"]
[SourceDate "2016.10.10"]
[SourceVersion "1"]
[SourceVersionDate "2016.10.10"]
[SourceQuality "1"]

1. e4 c6 2. Nc3 d5 3. Nf3 dxe4 4. Nxe4 Bg4 5. Bc4 e6 6. Be2 Nd7 7. d4 Ngf6 8. Nc3 Qc7 9. h3 Bh5 10. Be3 Bd6 11. Qd2 a6 12. 0-0 0-0 13. Ng5 Bxe2 14. Qxe2 c5 15. Nge4 cxd4 16. Bxd4 Nxe4 17. Nxe4 Be5 18. Rfd1 Rfd8 19. c3 h6 20. Rd3 Nb6 21. Qg4 Bxd4 22. cxd4 Nd5 23. Nc3 Nf6 24. Qf3 Rd7 25. Rad1 Rad8 26. Ne4 Nxe4 27. Qxe4 Qc2 28. R1d2 Qb1+ 29. Kh2 Qxa2 30. Rg3 Qd5 31. Qe3 e5 32. Qxh6 f6 33. Qxf6 exd4 34. Rg5 1/2-1/2

[Event "Mittelfranken-ch QT"]
[Site "Nuremberg"]
[Date "2016.03.26"]
[Round "7"]
[White "Dreiseitel, Werner"]
[Black "Burger, Thomas"]
[Result "1/2-1/2"]
[WhiteElo "1583"]
[BlackElo "1814"]
[PlyCount "41"]
[EventDate "2016.03.23"]
[EventType "swiss"]
[EventRounds "7"]
[EventCountry "GER"]
[SourceTitle "EXT 2018"]
[Source "ChessBase"]
[SourceDate "2017.10.13"]
[SourceVersion "1"]
[SourceVersionDate "2017.10.13"]
[SourceQuality "1"]

1. d4 Nf6 2. Bf4 e6 3. e3 d5 4. Bd3 Bd6 5. Bg3 Bxg3 6. hxg3 Qd6 7. c3 e5 8. dxe5 Qxe5 9. Nf3 Qe7 10. Qc2 g6 11. Nbd2 Nc6 12. 0-0-0 Be6 13. Nb3 a6 14. Nbd4 Nxd4 15. exd4 0-0-0 16. Rde1 Rde8 17. Re2 Qd6 18. Rhe1 Bd7 19. Ne5 Be6 20. f4 Nd7 21. Nf3 1/2-1/2

[Event "Mittelfranken-ch QT"]
[Site "Nuremberg"]
[Date "2016.03.25"]
[Round "5"]
[White "Pechan, Willi"]
[Black "Dreiseitel, Werner"]
[Result "1-0"]
[WhiteElo "1737"]
[BlackElo "1583"]
[PlyCount "87"]
[EventDate "2016.03.23"]
[EventType "swiss"]
[EventRounds "7"]
[EventCountry "GER"]
[SourceTitle "EXT 2018"]
[Source "ChessBase"]
[SourceDate "2017.10.13"]
[SourceVersion "1"]
[SourceVersionDate "2017.10.13"]
[SourceQuality "1"]

1. e4 c6 2. d4 d5 3. exd5 cxd5 4. Bd3 Nf6 5. Nf3 Bg4 6. 0-0 e6 7. Bg5 Be7 8. Nbd2 Nbd7 9. c3 Qc7 10. Qc2 Rc8 11. Rfe1 Bxf3 12. Nxf3 0-0 13. Bxh7+ Nxh7 14. Bxe7 Rfe8 15. Bh4 Qf4 16. Bg3 Qf6 17. Qd2 Qg6 18. Re2 Nhf6 19. Ne5 Nxe5 20. Bxe5 Ne4 21. Qc2 f5 22. Rae1 Kf7 23. Qa4 Ng5 24. Kh1 Ra8 25. f3 a6 26. Qd7+ Re7 27. Qd6 Ke8 28. Qb6 Qf7 29. Bf4 Nh7 30. Rxe6 Rxe6 31. Rxe6+ Kf8 32. Qd6+ Kg8 33. Be5 Re8 34. Rxe8+ Qxe8 35. Qxd5+ Kh8 36. Qxb7 Qg8 37. Qb8 Nf8 38. Bd6 Qe6 39. Qxf8+ Kh7 40. Be5 Qg6 41. f4 Qg4 42. Qxg7+ Qxg7 43. Bxg7 Kxg7 44. Kg1 1-0

[Event "Mittelfranken-ch QT"]
[Site "Nuremberg"]
[Date "2016.03.24"]
[Round "3"]
[White "Llugiq, Bajram"]
[Black "Dreiseitel, Werner"]
[Result "1-0"]
[WhiteElo "1668"]
[BlackElo "1583"]
[PlyCount "75"]
[EventDate "2016.03.23"]
[EventType "swiss"]
[EventRounds "7"]
[EventCountry "GER"]
[SourceTitle "EXT 2018"]
[Source "ChessBase"]
[SourceDate "2017.10.13"]
[SourceVersion "1"]
[SourceVersionDate "2017.10.13"]
[SourceQuality "1"]

1. d4 d5 2. Nf3 c6 3. c4 e6 4. cxd5 exd5 5. Nc3 Bf5 6. Bf4 Nf6 7. Qb3 Qb6 8. Rc1 Nbd7 9. Nh4 Qxb3 10. axb3 Be6 11. Nf3 Bb4 12. Bd2 0-0 13. e3 Bf5 14. Nh4 Bg4 15. h3 Be6 16. Bd3 Rfe8 17. 0-0 h6 18. f4 Nf8 19. Nf3 Rad8 20. Rfe1 a6 21. g4 g6 22. Kg2 Bc8 23. Rg1 Bd6 24. Kf2 Ne4+ 25. Bxe4 dxe4 26. Ne1 f5 27. Na4 Be7 28. Nb6 Be6 29. b4 Bh4+ 30. Kf1 Be7 31. Nc2 Kf7 32. Na3 Nd7 33. Nbc4 Kf6 34. Bc3 Kf7 35. Ke2 Bxc4+ 36. Nxc4 Nf6 37. Ne5+ Ke6 38. Nxg6 1-0

[Event "Mittelfranken-ch QT"]
[Site "Nuremberg"]
[Date "2016.03.23"]
[Round "1"]
[White "Kotitschke, Karlheinz"]
[Black "Dreiseitel, Werner"]
[Result "1-0"]
[WhiteElo "1802"]
[BlackElo "1583"]
[PlyCount "79"]
[EventDate "2016.03.23"]
[EventType "swiss"]
[EventRounds "7"]
[EventCountry "GER"]
[SourceTitle "EXT 2018"]
[Source "ChessBase"]
[SourceDate "2017.10.13"]
[SourceVersion "1"]
[SourceVersionDate "2017.10.13"]
[SourceQuality "1"]

1. d4 d5 2. Bg5 Bf5 3. c4 c6 4. Nc3 e6 5. Qb3 Qb6 6. c5 Qxb3 7. axb3 Nd7 8. b4 b5 9. e3 Be7 10. Bf4 Bd8 11. Ra6 Ne7 12. Bd6 Nb8 13. Ra3 a5 14. Nf3 Nd7 15. Be2 Ng6 16. Kd2 Nf6 17. Rha1 Kd7 18. h3 h6 19. Bd3 Ne4+ 20. Bxe4 dxe4 21. Ne5+ Nxe5 22. dxe5 f6 23. Ne2 fxe5 24. Bxe5 Rh7 25. bxa5 Be7 26. b4 Ra6 27. Rd1 Ke8 28. Ke1 g5 29. g4 Bg6 30. Ng3 Rf7 31. Ra2 Ra7 32. a6 Bf6 33. Bxf6 Rxf6 34. Rd6 Rf3 35. Rxe6+ Kd7 36. Rxg6 Rf7 37. Nf5 Kc7 38. Rxh6 Ra8 39. a7 Rd7 40. Rd6 1-0

[Event "Forchheim op-B 14th"]
[Site "Forchheim"]
[Date "2015.10.04"]
[Round "5"]
[White "Dreiseitel, Werner"]
[Black "Morschel, Steffen"]
[Result "0-1"]
[WhiteElo "1568"]
[BlackElo "1686"]
[PlyCount "95"]
[EventDate "2015.10.02"]
[EventType "swiss"]
[EventRounds "5"]
[EventCountry "GER"]
[SourceTitle "EXT 2019"]
[Source "ChessBase"]
[SourceDate "2018.10.10"]
[SourceVersion "1"]
[SourceVersionDate "2018.10.10"]
[SourceQuality "1"]

1. d4 Nf6 2. Nf3 e6 3. Bf4 c5 4. e3 Qb6 5. Qc1 Nc6 6. c3 d6 7. Bd3 Be7 8. h3 Bd7 9. Nbd2 cxd4 10. exd4 Nh5 11. Be3 d5 12. Nb3 Qc7 13. g4 Nf6 14. Bf4 Bd6 15. Bxd6 Qxd6 16. Qe3 h6 17. Bc2 Ne7 18. Ne5 Bc6 19. f4 Ne4 20. Rh2 f6 21. Nxc6 Qxc6 22. Bxe4 dxe4 23. 0-0-0 f5 24. gxf5 exf5 25. Kb1 a5 26. Rc2 a4 27. Nd2 Nd5 28. Qg3 0-0 29. a3 Qd6 30. Nc4 Qxf4 31. Qxf4 Nxf4 32. h4 Nd5 33. Re1 Ra6 34. Rg2 Kh7 35. Ne5 b5 36. Reg1 Ra7 37. Ng6 Rf6 38. h5 f4 39. Re2 e3 40. Ne5 f3 41. Rc2 f2 42. Rf1 Nf4 43. Ng4 e2 44. Nxf6+ gxf6 45. Rxe2 Nxe2 46. Rxf2 Ng3 47. Rxf6 Rb7 48. Rf5 0-1

[Event "Forchheim op-B 14th"]
[Site "Forchheim"]
[Date "2015.10.03"]
[Round "2"]
[White "Dreiseitel, Werner"]
[Black "Hohner, Karl Heinz"]
[Result "1/2-1/2"]
[WhiteElo "1568"]
[BlackElo "1689"]
[PlyCount "35"]
[EventDate "2015.10.02"]
[EventType "swiss"]
[EventRounds "5"]
[EventCountry "GER"]
[SourceTitle "EXT 2019"]
[Source "ChessBase"]
[SourceDate "2018.10.10"]
[SourceVersion "1"]
[SourceVersionDate "2018.10.10"]
[SourceQuality "1"]

1. d4 Nf6 2. Nf3 d5 3. Bf4 c5 4. c3 Nc6 5. e3 Qb6 6. Qb3 Qxb3 7. axb3 e6 8. h3 cxd4 9. exd4 Bd7 10. Bd3 Be7 11. 0-0 0-0 12. Nbd2 a6 13. Ne5 Nxe5 14. Bxe5 Bc6 15. Nf3 Nd7 16. Bh2 Bf6 17. Rfe1 Rfe8 18. Re3 1/2-1/2

[Event "Nuremberg Zabo op 17th"]
[Site "Nuremberg"]
[Date "2015.09.25"]
[Round "4"]
[White "Ross, Sandra"]
[Black "Dreiseitel, Werner"]
[Result "1/2-1/2"]
[WhiteElo "1770"]
[BlackElo "1523"]
[PlyCount "40"]
[EventDate "2015.09.21"]
[EventType "swiss"]
[EventRounds "5"]
[EventCountry "GER"]
[SourceTitle "EXT 2018"]
[Source "ChessBase"]
[SourceDate "2017.10.13"]
[SourceVersion "1"]
[SourceVersionDate "2017.10.13"]
[SourceQuality "1"]

1. e4 c6 2. d4 d5 3. exd5 cxd5 4. Bd3 Nf6 5. c3 Bg4 6. Qb3 Qc8 7. Bf4 Nbd7 8. Nd2 a6 9. h3 Bh5 10. Ngf3 Bxf3 11. Nxf3 e6 12. a4 Be7 13. a5 0-0 14. 0-0 Re8 15. Rac1 Nb8 16. Ne5 Nc6 17. Nxc6 Qxc6 18. c4 Rac8 19. c5 Nd7 20. Rce1 Bf6 1/2-1/2

[Event "Nuremberg Zabo op 17th"]
[Site "Nuremberg"]
[Date "2015.09.21"]
[Round "5"]
[White "Diebel, Guenter"]
[Black "Dreiseitel, Werner"]
[Result "1-0"]
[WhiteElo "1681"]
[BlackElo "1523"]
[PlyCount "67"]
[EventDate "2015.09.21"]
[EventType "swiss"]
[EventRounds "5"]
[EventCountry "GER"]
[SourceTitle "EXT 2018"]
[Source "ChessBase"]
[SourceDate "2017.10.13"]
[SourceVersion "1"]
[SourceVersionDate "2017.10.13"]
[SourceQuality "1"]

1. e4 c6 2. Nc3 d5 3. exd5 cxd5 4. d4 Bf5 5. g4 Bd7 6. Bg2 e6 7. Qe2 Be7 8. Nf3 a6 9. Ne5 Nc6 10. Qf3 Nxe5 11. dxe5 Bc6 12. Qe2 Bc5 13. 0-0 Ne7 14. Rd1 Qc7 15. Bf4 0-0 16. b3 Ng6 17. Bg3 Rfd8 18. h4 Rd7 19. h5 Ne7 20. Kh2 Rad8 21. f4 d4 22. Bxc6 Qxc6 23. Ne4 Bb6 24. h6 gxh6 25. Nf6+ Kf8 26. Nxd7+ Rxd7 27. Rd3 Ng6 28. Qd2 Qe4 29. Re1 Qc6 30. f5 exf5 31. Qxh6+ Kg8 32. gxf5 Ne7 33. f6 Nf5 34. Qg5+ 1-0

[Event "Nuremberg Zabo op 17th"]
[Site "Nuremberg"]
[Date "2015.09.21"]
[Round "1"]
[White "Dreiseitel, Werner"]
[Black "Suess, Stefan"]
[Result "0-1"]
[WhiteElo "1523"]
[BlackElo "1997"]
[PlyCount "90"]
[EventDate "2015.09.21"]
[EventType "swiss"]
[EventRounds "5"]
[EventCountry "GER"]
[SourceTitle "EXT 2018"]
[Source "ChessBase"]
[SourceDate "2017.10.13"]
[SourceVersion "1"]
[SourceVersionDate "2017.10.13"]
[SourceQuality "1"]

1. d4 Nf6 2. Bf4 d6 3. Nf3 g6 4. e3 Bg7 5. h3 c5 6. c3 b6 7. Be2 0-0 8. 0-0 Ba6 9. Nbd2 Qc8 10. Re1 Rd8 11. Qb3 Nc6 12. Rad1 Na5 13. Qc2 Bxe2 14. Rxe2 Qa6 15. Nb3 Rac8 16. Nxa5 Qxa5 17. Qb1 c4 18. e4 Ne8 19. d5 b5 20. a3 Nc7 21. e5 dxe5 22. Bxe5 Nxd5 23. Qe4 Nf6 24. Rxd8+ Qxd8 25. Bxf6 Bxf6 26. Rd2 Qc7 27. Qd5 Qc6 28. Qd7 Qxd7 29. Rxd7 a6 30. Kf1 Rc6 31. Nd4 Bxd4 32. Rxd4 Rd6 33. Rxd6 exd6 34. Ke2 Kg7 35. Ke3 Kf6 36. Kd4 Ke6 37. f4 f5 38. g3 h6 39. g4 fxg4 40. hxg4 h5 41. f5+ Kf6 42. fxg6 hxg4 43. g7 Kxg7 44. Ke4 Kg6 45. Kf4 Kh5 0-1

[Event "Pyramiden Franken Cup"]
[Site "Fuerth"]
[Date "2015.09.06"]
[Round "6"]
[White "Dreiseitel, Werner"]
[Black "Moenius, Oliver"]
[Result "0-1"]
[WhiteElo "1568"]
[BlackElo "1725"]
[PlyCount "84"]
[EventDate "2015.09.03"]
[EventType "swiss"]
[EventRounds "7"]
[EventCountry "GER"]
[SourceTitle "EXT 2016"]
[Source "ChessBase"]
[SourceDate "2015.10.08"]
[SourceVersion "1"]
[SourceVersionDate "2015.10.08"]
[SourceQuality "1"]

1. d4 Nf6 2. Nf3 e6 3. Bf4 c5 4. c3 d5 5. e3 Nc6 6. h3 cxd4 7. exd4 Bd6 8. Bxd6 Qxd6 9. Nbd2 0-0 10. Bd3 e5 11. dxe5 Nxe5 12. Nxe5 Qxe5+ 13. Qe2 Qg5 14. 0-0-0 Re8 15. Qf3 Bd7 16. Kb1 Bc6 17. h4 Qe5 18. Qf5 Qxf5 19. Bxf5 Re2 20. Nf3 Rxf2 21. Rhg1 Re8 22. Nd4 Ne4 23. Kc1 Nd6 24. Bg4 Nc4 25. b3 Ne3 26. Nxc6 Nxd1 27. Nxa7 Nxc3 28. Nc8 Rxa2 29. Nd6 Rf8 30. Re1 Rxg2 31. Bf3 Rf2 32. Bh1 Ra8 33. Re8+ Rxe8 34. Nxe8 Ne2+ 35. Kd1 Rf1+ 36. Kxe2 Rxh1 37. Nd6 Rxh4 38. Nxb7 Rb4 39. Nc5 Rb5 40. Nd3 Rxb3 41. Kd2 Rxd3+ 42. Kxd3 h5 0-1

[Event "Pyramiden Franken Cup"]
[Site "Fuerth"]
[Date "2015.09.06"]
[Round "7"]
[White "Dreiseitel, Werner"]
[Black "Vogel, Karlheinz"]
[Result "0-1"]
[WhiteElo "1568"]
[BlackElo "1706"]
[PlyCount "44"]
[EventDate "2015.09.03"]
[EventType "swiss"]
[EventRounds "7"]
[EventCountry "GER"]
[SourceTitle "EXT 2016"]
[Source "ChessBase"]
[SourceDate "2015.10.08"]
[SourceVersion "1"]
[SourceVersionDate "2015.10.08"]
[SourceQuality "1"]

1. d4 f5 2. Nf3 Nf6 3. Bf4 g6 4. h3 d6 5. Nc3 Bg7 6. e3 0-0 7. Bc4+ e6 8. Qe2 c6 9. 0-0-0 b5 10. Bb3 a5 11. a3 a4 12. Ba2 d5 13. Ne5 Ba6 14. Qf3 Ne4 15. Nb1 Qe7 16. h4 b4 17. axb4 Qxb4 18. c3 Qa5 19. Nd2 Bxe5 20. dxe5 Nxc3 21. bxc3 Qxc3+ 22. Kb1 Bd3# 0-1

[Event "Pyramiden Franken Cup"]
[Site "Fuerth"]
[Date "2015.09.04"]
[Round "2"]
[White "Gerl, Hans Peter"]
[Black "Dreiseitel, Werner"]
[Result "1-0"]
[WhiteElo "1968"]
[BlackElo "1568"]
[PlyCount "59"]
[EventDate "2015.09.03"]
[EventType "swiss"]
[EventRounds "7"]
[EventCountry "GER"]
[SourceTitle "EXT 2016"]
[Source "ChessBase"]
[SourceDate "2015.10.08"]
[SourceVersion "1"]
[SourceVersionDate "2015.10.08"]
[SourceQuality "1"]

1. d4 d5 2. c4 c6 3. Nf3 Nf6 4. Nc3 e6 5. Qc2 Bd6 6. g4 h6 7. Rg1 g5 8. Bd2 Qc7 9. h4 dxc4 10. hxg5 hxg5 11. Bxg5 Nd5 12. a3 b5 13. e4 Nxc3 14. Qxc3 Bf4 15. e5 Bxg5 16. Nxg5 Bb7 17. Ne4 Nd7 18. Nd6+ Ke7 19. Bg2 Raf8 20. g5 Ba8 21. 0-0-0 Nb6 22. Be4 Nd5 23. Bxd5 exd5 24. f4 Rh7 25. f5 Rfh8 26. f6+ Kf8 27. Qb4 a5 28. Qc5 Kg8 29. g6 fxg6 30. Rxg6+ 1-0